| 000 | 01412cam a22002535a 4500 | ||
|---|---|---|---|
| 001 | L154101 | ||
| 008 | 111013s2011 xxk f 000 0 eng d | ||
| 020 | _a9781118021675 | ||
| 035 | _a(Sirsi) u154101 | ||
| 041 | 0 | _aeng | |
| 100 | 1 | _aEastman, C. | |
| 245 | 0 | 0 |
_aBIM handbook _ba guide to building information modeling for owners, managers designers, engineers, and contractors _h[electronic resource] |
| 250 | _a2nd ed. | ||
| 260 |
_bJohn Wiley _c2011 |
||
| 300 | _aeBook | ||
| 520 | _aThe Building Information Modelling (BIM) Handbook presents the technology and processes behind BIM to aid architects, engineers, contractors and sub-contractors, construction and facility owners (AECO). The BIM Handbook combines in-depth technical background, business process discussion of each of the major professional groups in AECO, and offers guidelines for assessment, adoption and use. It includes real world case studies identifying both the benefits and successes of BIM, and study questions for professionals, educators and students to engage in discussions about the many issues with respect to implementing and transitioning to BIM. | ||
| 650 | 2 | 4 |
_aBIM _96219 |
| 650 | 2 | 4 | _aBUILDING INFORMATION MODELLING |
| 650 | 2 | 4 | _aEBOOK |
| 651 | 4 | _aINTERNATIONAL | |
| 690 |
_aBIM _96219 |
||
| 856 | 4 | 0 |
_uhttps://www.vlebooks.com/ _zView on VLEbooks. Logins for members only from [email protected] |
| 942 | _n0 | ||
| 999 |
_c112839 _d112839 |
||